| 000 | 00000nam 2200000zi 4500 |
| 001 | 9.910529 |
| 003 | CaOODSP |
| 005 | 20240202125404 |
| 006 | m o d f |
| 007 | cr |n||||||||| |
| 008 | 220425e202201##oncd ob f000 0 eng d |
| 040 | |aCaOODSP|beng|erda|cCaOODSP |
| 043 | |an-cn--- |
| 086 | 1 |aD2-613/2022E-PDF |
| 245 | 10|aMinister of National Defence advisory panel on systemic racism and discrimination with a focus on anti-Indigenous and anti-Black racism, LGBTQ2+ prejudice, gender bias, and white supremacy : |bfinal report. |
| 264 | 1|a[Ottawa] : |b[National Defence], |cJanuary 2022. |
| 264 | 4|c©2022 |
| 300 | |a1 online resource (xi, 108 pages) : |bcolour charts |
| 336 | |atext|btxt|2rdacontent |
| 337 | |acomputer|bc|2rdamedia |
| 338 | |aonline resource|bcr|2rdacarrier |
| 500 | |aIssued also in French under title: Groupe consultatif de la ministre de la Défense nationale sur le racisme systémique et la discrimination notamment le racisme anti-autochtones et anti-noirs, les préjugés contre la communauté lgbtq2+, la discrimination entre les sexes et la suprématie blanche : rapport final. |
| 504 | |aIncludes bibliographical references. |
| 610 | 10|aCanada. |bDepartment of National Defence|xEvaluation. |
| 610 | 10|aCanada. |bCanadian Armed Forces|xEvaluation. |
| 650 | 0|aAnti-racism|xGovernment policy|zCanada. |
| 650 | 0|aDiscrimination in employment|xGovernment policy|zCanada. |
| 710 | 1 |aCanada. |bDepartment of National Defence, |eissuing body. |
| 775 | 08|tGroupe consultatif de la ministre de la Défense nationale sur le racisme systémique et la discrimination notamment le racisme anti-autochtones et anti-noirs, les préjugés contre la communauté lgbtq2+, la discrimination entre les sexes et la suprématie blanche : |w(CaOODSP)9.910535 |
| 856 | 40|qPDF|s2.01 MB|uhttps://publications.gc.ca/collections/collection_2022/mdn-dnd/D2-613-2022-eng.pdf |